[Event "Ïåðåâåíñòâî Ìîñêâû"]
[Site "ÐœÐ¾Ñ�ÐºÐ²Ð°, ÐœÐ“Ð˜ÐœÐž Ð¿Ñ€."]
[Date "2018.11.20"]
[Round "4.10"]
[White "Ochirov, Lidzhi"]
[Black "Ivanov, Artem T"]
[Result "1/2-1/2"]
[WhiteElo "1661"]
[BlackElo "1850"]
[PlyCount "97"]
[EventDate "2018.11.18"]

1. d4 Nf6 2. c4 b6 3. Nc3 Bb7 4. Bf4 g6 5. Nf3 Bg7 6. e3 e6 7. Be2 O-O 8. h3 d6
9. O-O Nbd7 10. Qc2 Qe7 11. Rad1 e5 12. dxe5 Nxe5 13. Nxe5 dxe5 14. Bh2 Rad8
15. Rxd8 Rxd8 16. Rd1 e4 17. Nb5 c6 18. Nc3 c5 19. b3 Bc6 20. Rd2 Rxd2 21. Qxd2
Nd7 22. Nd5 Qe6 23. Bg3 Ne5 24. Nc7 Qe7 25. Nd5 Qd7 26. Qd1 f5 27. Bh2 b5 28.
Qd2 bxc4 29. Bxc4 Nxc4 30. bxc4 Qb7 31. Bg3 Kf7 32. Qa5 Bxd5 33. cxd5 Qxd5 34.
Qxa7+ Kg8 35. Qb8+ Bf8 36. Qb2 c4 37. Be5 Qd1+ 38. Kh2 Bd6 39. Qb5 Bxe5+ 40.
Qxe5 Qd7 41. Qb8+ Kg7 42. Qe5+ Kf7 43. Qc5 Qe6 44. a4 Kf6 45. a5 Kg7 46. Qc7+
Kh6 47. Qf4+ Kg7 48. Qc7+ Kh6 49. Qf4+ 1/2-1/2

[Event "Ïåðåâåíñòâî Ìîñêâû"]
[Site "ÐœÐ¾Ñ�ÐºÐ²Ð°, ÐœÐ“Ð˜ÐœÐž Ð¿Ñ€."]
[Date "2018.11.20"]
[Round "4.11"]
[White "Matevosyan, Matevos"]
[Black "Zagorskii, Artem"]
[Result "1/2-1/2"]
[WhiteElo "1499"]
[BlackElo "1746"]
[PlyCount "82"]
[EventDate "2018.11.18"]

1. d4 Nf6 2. c4 g6 3. Nc3 d5 4. cxd5 Nxd5 5. e4 Nxc3 6. bxc3 Bg7 7. Bc4 O-O 8.
Ne2 c5 9. Be3 cxd4 10. cxd4 Qa5+ 11. Kf1 Nc6 12. Rc1 Qd8 13. h4 e6 14. h5 a6
15. Qd2 b5 16. Bb3 Na5 17. Bh6 Nxb3 18. axb3 Qe7 19. Bxg7 Kxg7 20. Qf4 Bd7 21.
Ng1 Rac8 22. Nf3 Rxc1+ 23. Qxc1 Rc8 24. Qd2 Qa3 25. Ne1 Qc1 26. Qb4 Qc7 27. Qe7
Qd8 28. Qd6 b4 29. Qf4 Bb5+ 30. Kg1 Qxd4 31. hxg6 hxg6 32. Qh6+ Kf6 33. Qh4+
Kg7 34. Qh6+ Kf6 35. Qf4+ Kg7 36. Qh6+ Kf6 37. Qf4+ Kg7 38. Qh6+ Kf6 39. Qf4+
Kg7 40. Qh6+ Kf6 41. Qf4+ Kg7 1/2-1/2

[Event "Ïåðåâåíñòâî Ìîñêâû"]
[Site "ÐœÐ¾Ñ�ÐºÐ²Ð°, ÐœÐ“Ð˜ÐœÐž Ð¿Ñ€."]
[Date "2018.11.20"]
[Round "4.12"]
[White "Ratataev, Ilya"]
[Black "Sakovich, Luka"]
[Result "1/2-1/2"]
[WhiteElo "1425"]
[BlackElo "1745"]
[PlyCount "81"]
[EventDate "2018.11.18"]

1. e4 e5 2. Nf3 Nc6 3. Bb5 a6 4. Ba4 Nf6 5. O-O Be7 6. Re1 b5 7. Bb3 d6 8. h3
O-O 9. c3 Na5 10. Bc2 c5 11. d4 Qc7 12. Nbd2 cxd4 13. cxd4 Nc6 14. d5 Nb4 15.
Bb1 a5 16. Nf1 Bd7 17. Bg5 Rfc8 18. Ne3 Qd8 19. Bxf6 Bxf6 20. Qd2 g6 21. a3 Na6
22. b4 Bg7 23. Bd3 Bh6 24. Qb2 axb4 25. axb4 Nc7 26. Ng4 Bg7 27. Qd2 Qf8 28.
Rxa8 Rxa8 29. Rc1 Ne8 30. Qe2 Nf6 31. Nxf6+ Bxf6 32. Bxb5 Bxb5 33. Qxb5 Rb8 34.
Qc4 Bd8 35. b5 Qe7 36. Qd3 Kg7 37. Rc6 Bb6 38. Qc2 Rb7 39. Nd2 Bc5 40. Nb3 Rxb5
41. Nxc5 1/2-1/2

[Event "Ïåðâåíñòâî Ìîñêâû"]
[Site "ÐœÐ¾Ñ�ÐºÐ²Ð°, ÐœÐ“Ð˜ÐœÐž Ð¿Ñ€."]
[Date "2018.11.20"]
[Round "4.14"]
[White "Listov, Tikhon"]
[Black "Saikin, Ilia"]
[Result "0-1"]
[WhiteElo "1243"]
[BlackElo "1657"]
[PlyCount "56"]
[EventDate "2018.11.18"]

1. e4 e5 2. Nf3 Nf6 3. Nc3 Bb4 4. Bc4 O-O 5. d3 d5 6. exd5 Nxd5 7. Bd2 Bxc3 8.
bxc3 c5 9. O-O Nc6 10. a3 a6 11. h3 b5 12. Ba2 Bb7 13. c4 Nc7 14. cxb5 axb5 15.
Re1 Qd6 16. Be3 Rae8 17. Qc1 Nd4 18. Nxd4 exd4 19. Bd2 Qg6 20. g3 Qc6 21. Re4
Rxe4 22. dxe4 Qxe4 23. Kf1 Qg2+ 24. Ke1 Re8+ 25. Be3 Qh1+ 26. Kd2 dxe3+ 27.
fxe3 Qg2+ 28. Kd1 Bf3+ 0-1

[Event "Ïåðåâåíñòâî Ìîñêâû"]
[Site "ÐœÐ¾Ñ�ÐºÐ²Ð°, ÐœÐ“Ð˜ÐœÐž Ð¿Ñ€."]
[Date "2018.11.20"]
[Round "4.15"]
[White "Karlov, Egor"]
[Black "Davidyan, Vladimir"]
[Result "1-0"]
[WhiteElo "1685"]
[BlackElo "1309"]
[PlyCount "66"]
[EventDate "2018.11.18"]

1. d4 d5 2. c4 dxc4 3. Nf3 Nf6 4. e3 e6 5. Bxc4 a6 6. Nc3 Be7 7. O-O b5 8. Bd3
Bb7 9. Qc2 O-O 10. Ne5 Nbd7 11. b3 Rc8 12. Rd1 c6 13. Bb2 Qc7 14. Nxd7 Qxd7 15.
Ne4 h6 16. Nc5 Bxc5 17. dxc5 Qe7 18. Be5 Rfd8 19. Bd6 Qe8 20. Qc3 Rd7 21. Rd2
Qd8 22. Rad1 Nd5 23. Qe5 Qf6 24. Qxf6 gxf6 25. e4 Nc3 26. Re1 b4 27. Re3 Kh7
28. e5+ f5 29. g4 Rg8 30. Rg3 Ne4 31. Bxe4 fxe4 32. Rd4 a5 33. Rxe4 Ba6 1-0

[Event "Ïåðâåíñòâî Ìîñêâû"]
[Site "ÐœÐ¾Ñ�ÐºÐ²Ð°, ÐœÐ“Ð˜ÐœÐž Ð¿Ñ€."]
[Date "2018.11.20"]
[Round "4.17"]
[White "Denisov, Mikhail"]
[Black "Larichev, Prokhor"]
[Result "0-1"]
[WhiteElo "1394"]
[BlackElo "1848"]
[PlyCount "82"]
[EventDate "2018.11.18"]

1. e4 c5 2. c3 Nf6 3. e5 Nd5 4. d4 cxd4 5. cxd4 e6 6. Nc3 Nxc3 7. bxc3 Qc7 8.
Bd2 b6 9. Bd3 Bb7 10. Nf3 d6 11. O-O Nd7 12. Re1 dxe5 13. Nxe5 Nxe5 14. Rxe5
Bd6 15. Rh5 g6 16. Bb5+ Ke7 17. Rh3 a6 18. Bd3 Qc6 19. Qg4 h5 20. Qh4+ Kd7 21.
Rf3 Raf8 22. Bg5 f5 23. Bf4 Be7 24. Bg5 Bd6 25. Bf4 Bxf4 26. Qxf4 g5 27. Qe5 g4
28. d5 Qxd5 29. Qxd5+ Bxd5 30. Re3 a5 31. Rd1 Ke7 32. c4 Bc6 33. Rde1 Bd7 34.
Re5 Kf6 35. c5 bxc5 36. Rxc5 Ra8 37. Rc7 Rhd8 38. a4 Rac8 39. Rxc8 Rxc8 40. Bb5
Bxb5 41. axb5 a4 {çàïèñü íå ÿñíà} 0-1

[Event "Ïåðâåíñòâî Ìîñêâû"]
[Site "ÐœÐ¾Ñ�ÐºÐ²Ð°, ÐœÐ“Ð˜ÐœÐž Ð¿Ñ€."]
[Date "2018.11.20"]
[Round "4.18"]
[White "Arbuzov, Timofey"]
[Black "Fedorov, Georgy"]
[Result "1/2-1/2"]
[WhiteElo "1789"]
[BlackElo "1313"]
[PlyCount "97"]
[EventDate "2018.11.18"]

1. e4 e6 2. d4 d5 3. Nc3 Nf6 4. Bg5 Be7 5. e5 Nfd7 6. h4 Nc6 7. Qg4 f6 8. exf6
Nxf6 9. Bxf6 Bxf6 10. Bb5 O-O 11. Nf3 e5 12. Qh5 g6 13. Qh6 Bg7 14. Qd2 e4 15.
Bxc6 bxc6 16. Ng1 Qf6 17. O-O-O Qxf2 18. Nge2 Qxg2 19. Rdg1 Qf3 20. h5 Qf6 21.
hxg6 hxg6 22. Nd1 c5 23. dxc5 d4 24. Rh2 Bb7 25. Qb4 Bd5 26. Rhg2 Bf7 27. Rg4
Rfe8 28. Kb1 d3 29. Nf4 dxc2+ 30. Kxc2 Rab8 31. Qa3 Qf5 32. Qe3 Bh6 33. Kc1
Bxf4 34. Rxf4 Qd5 35. Nc3 Qd3 36. Qxd3 exd3 37. Rd4 Rbd8 38. Rxd8 Rxd8 39. Kd2
c6 40. Rg3 Kh7 41. Rxd3 Rxd3+ 42. Kxd3 g5 43. Ke3 Be6 44. b4 Bd7 45. a4 a6 46.
Ne4 Kg6 47. Nd6 g4 48. Kf4 Kh5 49. Kg3 1/2-1/2

[Event "Ïåðâåíñòâî Ìîñêâû"]
[Site "ÐœÐ¾Ñ�ÐºÐ²Ð°, ÐœÐ“Ð˜ÐœÐž Ð¿Ñ€."]
[Date "2018.11.20"]
[Round "4.19"]
[White "Kalita, Daniil"]
[Black "Fridman, Roman A"]
[Result "0-1"]
[WhiteElo "1597"]
[BlackElo "1705"]
[PlyCount "212"]
[EventDate "2018.11.18"]

1. e4 c5 2. Nf3 e6 3. d4 cxd4 4. Nxd4 a6 5. c4 Nf6 6. Nc3 Qc7 7. Be3 b6 8. Be2
Bb7 9. Qc2 Nc6 10. O-O Ne5 11. b3 Neg4 12. g3 Nxe3 13. fxe3 Bb4 14. Bf3 Bxc3
15. Qxc3 Bxe4 16. Bxe4 Nxe4 17. Qc2 Nf6 18. e4 Qc5 19. Rad1 O-O 20. Kh1 Rac8
21. Qe2 Qe5 22. Nf3 Qxe4 23. Qxe4 Nxe4 24. Rxd7 Rcd8 25. Rb7 Rd6 26. Re1 Nc5
27. Ra7 a5 28. Re3 h6 29. h4 Nd7 30. Re2 Nf6 31. Ne5 h5 32. c5 bxc5 33. Rxa5
Rd5 34. Ra7 Ng4 35. Nc6 Rd6 36. Na5 Rd3 37. Kg2 Ne3+ 38. Kh3 Nf5 39. Rg2 Rf3
40. Nc6 Ne3 41. Rg1 Ng4 42. Ra4 Rf2 43. Rh1 Kh7 44. b4 cxb4 45. Nxb4 Rd8 46.
Nc6 Rdd2 47. Rxg4 hxg4+ 48. Kxg4 Rxa2 49. Ne5 f6 50. Nd3 Rfd2 51. Nc5 e5 52. h5
Rd4+ 53. Kf5 Rf2+ 54. Ke6 Rc2 55. Nb7 Rc6+ 56. Kf5 Rc7 57. Rb1 Rd3 58. h6 Rdd7
59. Na5 Rd8 60. hxg7 Ra8 61. Rb5 Kxg7 62. g4 Raa7 63. g5 fxg5 64. Rxe5 Kh6 65.
Kg4 Rg7 66. Nc4 Ra4 67. Rc5 Rg6 68. Kf5 Ra2 69. Ne3 Rf2+ 70. Kg4 Rf4+ 71. Kg3
Ra6 72. Ng2 Ra3+ 73. Kh2 Rf2 74. Rc4 Raa2 75. Kh1 Kh5 76. Rd4 Rae2 77. Rc4 Rf1+
78. Kh2 Rf4 79. Rc6 Rff2 80. Kh1 Rc2 81. Rd6 Rfd2 82. Rb6 Rc4 83. Ra6 Rd1+ 84.
Kh2 Rd3 85. Re6 Rd2 86. Kh1 Rf4 87. Nxf4+ gxf4 88. Kg1 Kg4 89. Rg6+ Kf3 90. Rf6
Rd1+ 91. Kh2 Re1 92. Rg6 Re3 93. Kg1 Ke2 94. Ra6 Rg3+ 95. Kh2 Rd3 96. Ra2+ Rd2
97. Ra8 Kf2 98. Ra1 Re2 99. Rb1 f3 100. Rb3 Re3 101. Rb2+ Kf1 102. Rb1+ Re1
103. Rb3 f2 104. Rb2 Rd1 105. Kg3 Rd3+ 106. Kh2 Ke1 0-1

[Event "Ïåðâåíñòâî Ìîñêâû"]
[Site "ÐœÐ¾Ñ�ÐºÐ²Ð°, ÐœÐ“Ð˜ÐœÐž Ð¿Ñ€."]
[Date "2018.11.20"]
[Round "4.20"]
[White "Zaitsev, Yuriy"]
[Black "Korshunov, Sergey A"]
[Result "0-1"]
[WhiteElo "1544"]
[BlackElo "1229"]
[PlyCount "143"]
[EventDate "2018.11.18"]

1. e4 e6 2. d4 d5 3. exd5 exd5 4. c4 c6 5. Nc3 Bb4 6. Bd3 Ne7 7. Nf3 O-O 8. O-O
Bf5 9. Bg5 f6 10. Be3 Nd7 11. cxd5 Bxd3 12. Qxd3 cxd5 13. Rac1 Qb6 14. Na4 Qa5
15. Qb3 Nb6 16. Nc5 Bxc5 17. Rxc5 Qa6 18. Nd2 Rac8 19. Rfc1 Rc6 20. a3 Rfc8 21.
Qb4 Kf7 22. Nb3 Na4 23. Rxc6 Rxc6 24. Rxc6 bxc6 25. h3 Nxb2 26. Qd6 Nc4 27. Qd7
Nb6 28. Qd6 Nc4 29. Qd7 Qxa3 30. Nc5 Nb6 31. Qe6+ Ke8 32. Nb7 Nd7 33. Nd6+ Kd8
34. Nf7+ Kc8 35. Nd6+ Kd8 36. Nf7+ Kc8 37. Kh2 g5 38. Nd6+ Kc7 39. Ne8+ Kd8 40.
Nxf6 Nxf6 41. Qxf6 Kd7 42. Bxg5 Qd6+ 43. Qxd6+ Kxd6 44. Bd2 c5 45. dxc5+ Kxc5
46. Bg5 Nf5 47. g4 Nd6 48. Be7 Kc6 49. f4 Kd7 50. Bf6 a5 51. Kg2 a4 52. Kf3 a3
53. f5 Ne4 54. Bg7 Ke7 55. h4 Nd2+ 56. Ke2 Nb3 57. Bc3 a2 58. Kd3 a1=Q 59. Bxa1
Nxa1 60. Kd4 Nc2+ 61. Kxd5 Ne3+ 62. Ke4 Nxg4 63. Kf4 Nf6 64. Kg5 Kf7 65. Kh6
Kg8 66. Kg5 Kg7 67. Kf4 h6 68. Kg3 Kf7 69. Kf4 Ne8 70. Ke5 Ng7 71. f6 Ne6 72.
Kf5 0-1

[Event "Ïåðâåíñòâî Ìîñêâû"]
[Site "ÐœÐ¾Ñ�ÐºÐ²Ð°, ÐœÐ“Ð˜ÐœÐž Ð¿Ñ€."]
[Date "2018.11.20"]
[Round "4.21"]
[White "Nabatyan, Mikael"]
[Black "Kireev, Igor"]
[Result "1-0"]
[WhiteElo "1206"]
[BlackElo "1675"]
[PlyCount "119"]
[EventDate "2018.11.18"]

1. c4 e5 2. Nc3 f5 3. d4 d6 4. dxe5 dxe5 5. Qxd8+ Kxd8 6. e4 f4 7. Nf3 Nd7 8.
Ng5 Ke8 9. Ne6 Bd6 10. Nb5 Bb4+ 11. Bd2 Bxd2+ 12. Kxd2 c6 13. Nbc7+ Ke7 14.
Nxa8 Kxe6 15. Nc7+ Ke7 16. f3 Ngf6 17. Nd5+ cxd5 18. cxd5 a5 19. Be2 Kd6 20.
Rhc1 Nc5 21. Rab1 b6 22. b3 Bb7 23. a3 Nfd7 24. b4 axb4 25. axb4 Na6 26. Kc3 g5
27. Ra1 Ra8 28. Kb3 Nc7 29. Rxa8 Bxa8 30. h4 h6 31. Rh1 Nf6 32. hxg5 hxg5 33.
Rh6 Nce8 34. Rg6 g4 35. Bb5 Ke7 36. Bxe8 Nxe8 37. Rxb6 Nd6 38. Rb8 Bb7 39. Rg8
g3 40. Rg7+ Nf7 41. b5 Bc8 42. Rh7 Kf6 43. Kb4 Ng5 44. Rc7 Bh3 45. Rc2 Nxf3 46.
gxf3 Bf1 47. b6 Ba6 48. Kc5 Kg5 49. Kc6 Kh4 50. b7 Bxb7+ 51. Kxb7 Kh3 52. d6 g2
53. Rxg2 Kxg2 54. d7 Kxf3 55. d8=Q Kxe4 56. Qd2 Kf3 57. Kc6 e4 58. Kd5 e3 59.
Qe1 e2 60. Kd4 1-0

[Event "Ïåðâåíñòâî Ìîñêâû"]
[Site "ÐœÐ¾Ñ�ÐºÐ²Ð°, ÐœÐ“Ð˜ÐœÐž Ð¿Ñ€."]
[Date "2018.11.20"]
[Round "4.22"]
[White "Nasyrov, Anton"]
[Black "Pankin, Pavel"]
[Result "1-0"]
[WhiteElo "1738"]
[BlackElo "1497"]
[PlyCount "85"]
[EventDate "2018.11.18"]

1. e4 e5 2. Nf3 Nc6 3. Bb5 a6 4. Ba4 Nf6 5. d3 b5 6. Bb3 Bc5 7. h3 d6 8. c3 O-O
9. Nbd2 Bb7 10. Nf1 Na5 11. Bc2 Ba7 12. Ng3 c5 13. Nh2 h6 14. Nf5 d5 15. Qe2 c4
16. Ng4 cxd3 17. Bxd3 dxe4 18. Nxf6+ Qxf6 19. Bxe4 Bxe4 20. Qxe4 Nc4 21. Qf3 e4
22. Qg4 Kh8 23. O-O Rae8 24. a4 Bb8 25. axb5 axb5 26. b3 Nd6 27. Nd4 Qe5 28.
Qf4 Qd5 29. Qd2 f5 30. Ra3 Rf6 31. Ne2 Qe5 32. Qd4 Qe7 33. Nf4 Qf7 34. Be3 Kh7
35. Rd1 b4 36. Qxb4 Kg8 37. Bd4 g5 38. Bxf6 Qxf6 39. Ne2 f4 40. Ra8 Bc7 41.
Rxe8+ Nxe8 42. Qc4+ Qf7 43. Qxe4 1-0

[Event "Ïåðâåíñòâî Ìîñêâû"]
[Site "ÐœÐ¾Ñ�ÐºÐ²Ð°, ÐœÐ“Ð˜ÐœÐž Ð¿Ñ€."]
[Date "2018.11.20"]
[Round "4.23"]
[White "Solozhenkin, Sevastyan"]
[Black "Kozlov, Kirill"]
[Result "1/2-1/2"]
[WhiteElo "1533"]
[BlackElo "1559"]
[PlyCount "77"]
[EventDate "2018.11.18"]

1. e4 d6 2. d4 g6 3. Nc3 Bg7 4. Bg5 a6 5. Bc4 b5 6. Bd5 c6 7. Bb3 Bb7 8. Qf3
Nf6 9. e5 dxe5 10. dxe5 Nd5 11. Rd1 Qc7 12. Nxd5 cxd5 13. Bxd5 Qxe5+ 14. Qe3
Qxe3+ 15. Bxe3 Bxd5 16. Rxd5 e6 17. Rd3 Nc6 18. c3 O-O 19. Nf3 Rfd8 20. Ke2
Rxd3 21. Kxd3 Rd8+ 22. Kc2 Ne5 23. Nxe5 Bxe5 24. Rd1 Rxd1 25. Kxd1 Kf8 26. Kc2
Ke7 27. h3 Bd6 28. Kd3 e5 29. c4 Ke6 30. Kc3 f5 31. c5 Be7 32. f3 Kd5 33. b4
Bd8 34. g3 Bc7 35. Bd2 Bb8 36. Bc1 Bc7 37. Bd2 Bb8 38. Bc1 Bc7 39. Bd2 1/2-1/2

[Event "Ïåðâåíñòâî Ìîñêâû"]
[Site "ÐœÐ¾Ñ�ÐºÐ²Ð°, ÐœÐ“Ð˜ÐœÐž Ð¿Ñ€."]
[Date "2018.11.20"]
[Round "4.24"]
[White "Schipitsin, Mikhail"]
[Black "Sednev, Aleksey N"]
[Result "0-1"]
[WhiteElo "1332"]
[BlackElo "1293"]
[PlyCount "54"]
[EventDate "2018.11.18"]

1. e4 e6 2. d4 d5 3. Nc3 Bb4 4. e5 Ne7 5. Qg4 c5 6. a3 Bxc3+ 7. bxc3 Qc7 8.
Qxg7 Rg8 9. Qxh7 cxd4 10. Ne2 Nbc6 11. f4 Bd7 12. Bd2 O-O-O 13. Qd3 dxc3 14.
Nxc3 a6 15. Rb1 Na5 16. Be3 Nc4 17. Bf2 Qa5 18. Qf3 Bc6 19. Bxc4 dxc4 20. Qe3
Nd5 21. Qa7 Qxc3+ 22. Kf1 Ne3+ 23. Bxe3 Bxg2+ 24. Ke2 Qxc2+ 25. Ke1 Qxb1+ 26.
Kf2 Qc2+ 27. Ke1 Rd1# 0-1

[Event "Ïåðâåíñòâî Ìîñêâû"]
[Site "ÐœÐ¾Ñ�ÐºÐ²Ð°, ÐœÐ“Ð˜ÐœÐž Ð¿Ñ€."]
[Date "2018.11.20"]
[Round "4.25"]
[White "Bagdasarian, Roman"]
[Black "Zurabian, Vage"]
[Result "0-1"]
[WhiteElo "1413"]
[BlackElo "1905"]
[PlyCount "64"]
[EventDate "2018.11.18"]

1. c4 d6 2. Nc3 e5 3. g3 f5 4. Bg2 Nf6 5. d3 c6 6. Bg5 Be7 7. e3 O-O 8. d4 Be6
9. d5 Bf7 10. Bxf6 Bxf6 11. e4 Bg6 12. Nge2 a5 13. O-O Qb6 14. Qd2 Nd7 15. Kh1
Rae8 16. f4 exf4 17. Nxf4 Bg5 18. exf5 Bxf5 19. b3 Ne5 20. Ne4 Nxc4 21. bxc4
Bxe4 22. Bxe4 Rxe4 23. Qc2 Re5 24. Ne6 Rxf1+ 25. Rxf1 Bf6 26. g4 Qb4 27. Qf2
Qxc4 28. Nxg7 Qxd5+ 29. Kg1 Bxg7 30. Qh4 Re8 31. Rf5 Bd4+ 32. Kf1 Qh1# 0-1

[Event "Ïåðâåíñòâî Ìîñêâû"]
[Site "ÐœÐ¾Ñ�ÐºÐ²Ð°, ÐœÐ“Ð˜ÐœÐž Ð¿Ñ€."]
[Date "2018.11.21"]
[Round "5.1"]
[White "Timofeev, Lev"]
[Black "Mishuris, Matvey"]
[Result "1-0"]
[WhiteElo "1802"]
[BlackElo "1997"]
[PlyCount "63"]
[EventDate "2018.11.18"]

1. e4 c5 2. Nf3 e6 3. d4 cxd4 4. Nxd4 Nf6 5. Bd3 d6 6. O-O Be7 7. c4 O-O 8. Nc3
a6 9. b3 Qc7 10. Bb2 Nbd7 11. Qe2 b6 12. Kh1 Bb7 13. Rae1 Rfe8 14. f4 Nc5 15.
Bb1 d5 16. cxd5 exd5 17. exd5 Bd6 18. Qf3 Bxf4 19. b4 Ncd7 20. Nf5 Be5 21. Qd3
Nf8 22. d6 Qc6 23. Nd5 Nxd5 24. Rxe5 Ng6 25. Qg3 Ndf4 26. Rxe8+ Rxe8 27. Ne7+
Rxe7 28. dxe7 Nxg2 29. Qb8+ Bc8 30. Be4 Qe6 31. Bxg2 Nh4 32. Qe5 1-0

[Event "Ïåðâåíñòâî Ìîñêâû"]
[Site "ÐœÐ¾Ñ�ÐºÐ²Ð°, ÐœÐ“Ð˜ÐœÐž Ð¿Ñ€."]
[Date "2018.11.21"]
[Round "5.2"]
[White "Vasilyev, Alexey"]
[Black "Tarasov, Danila"]
[Result "0-1"]
[WhiteElo "1995"]
[BlackElo "1852"]
[PlyCount "74"]
[EventDate "2018.11.18"]

1. e4 c5 2. Nf3 Nc6 3. d4 cxd4 4. Nxd4 Nf6 5. Nc3 e5 6. Ndb5 d6 7. Bg5 a6 8.
Na3 b5 9. Nd5 Be7 10. Bxf6 Bxf6 11. c3 O-O 12. Be2 Bg5 13. Nc2 Kh8 14. O-O f5
15. f3 Ne7 16. Ncb4 Bb7 17. Qd3 Nxd5 18. Nxd5 Bxd5 19. exd5 Qd7 20. b3 Rab8 21.
Rab1 Rfc8 22. Rb2 g6 23. Rc2 Qa7+ 24. Kh1 Qc5 25. g3 b4 26. c4 Kg7 27. Kg2 a5
28. h4 Bf6 29. h5 Ra8 30. hxg6 hxg6 31. g4 Rh8 32. Rcc1 Bg5 33. Rcd1 Rh6 34. f4
Rah8 35. Rh1 Bxf4 36. Qf3 Rh2+ 37. Kf1 fxg4 0-1

[Event "Ïåðâåíñòâî Ìîñêâû"]
[Site "ÐœÐ¾Ñ�ÐºÐ²Ð°, ÐœÐ“Ð˜ÐœÐž Ð¿Ñ€."]
[Date "2018.11.21"]
[Round "5.3"]
[White "Kirushin, Ivan"]
[Black "Knjazev, Artem"]
[Result "0-1"]
[WhiteElo "1801"]
[BlackElo "1829"]
[PlyCount "70"]
[EventDate "2018.11.18"]

1. e4 c5 2. Nf3 e6 3. d4 cxd4 4. Nxd4 Nf6 5. Bd3 d6 6. c4 Be7 7. Nc3 a6 8. O-O
O-O 9. Qe2 Nbd7 10. Kh1 Nc5 11. Bc2 Re8 12. b4 e5 13. bxc5 exd4 14. cxd6 Bxd6
15. Nd5 Nxd5 16. cxd5 Be5 17. Bd3 b5 18. f4 Bb8 19. Qf3 Bb7 20. Bb2 Ba7 21.
Rad1 Bc5 22. Bb1 Qb6 23. e5 Rad8 24. Qh3 g6 25. d6 f6 26. exf6 Re2 27. f7+ Kg7
28. Rg1 Rxb2 29. f5 Qxd6 30. Rdf1 d3 31. f6+ Kh8 32. Bxd3 Qxd3 33. Qxd3 Rxd3
34. Re1 h5 35. Re7 Bxg2+ 0-1

[Event "Ïåðâåíñòâî Ìîñêâû"]
[Site "ÐœÐ¾Ñ�ÐºÐ²Ð°, ÐœÐ“Ð˜ÐœÐž Ð¿Ñ€."]
[Date "2018.11.21"]
[Round "5.4"]
[White "Kurus, Artem"]
[Black "Gerasimov, Vadim"]
[Result "0-1"]
[WhiteElo "1800"]
[BlackElo "1836"]
[PlyCount "92"]
[EventDate "2018.11.18"]

1. d4 d5 2. c4 c6 3. cxd5 cxd5 4. Nc3 Nf6 5. Bf4 Nc6 6. e3 Bf5 7. Nf3 e6 8. Qb3
Bb4 9. Bb5 Qa5 10. O-O O-O 11. a3 Bxc3 12. bxc3 Rac8 13. Rfc1 Qb6 14. Nd2 Ne4
15. Nxe4 Bxe4 16. Bd6 Nxd4 17. cxd4 Qxd6 18. f3 Bg6 19. Be2 Rc6 20. Qb4 Qc7 21.
Rc5 b6 22. Rxc6 Qxc6 23. Ba6 Rb8 24. a4 Qc2 25. Qa3 Qd2 26. h3 h6 27. Kh1 Qa5
28. Qd6 Ra8 29. Bb7 Qd2 30. Qa3 Bd3 31. Rc1 Rb8 32. Rc7 Qe1+ 33. Kh2 Qxe3 34.
Qd6 Rf8 35. Bc8 Qxd4 36. Bd7 Bf1 37. Qg3 Qe3 38. h4 Qd4 39. Bc8 Bd3 40. Qd6
Qxh4+ 41. Kg1 Qe1+ 42. Kh2 Qh4+ 43. Kg1 Qxa4 44. Bxe6 Qd4+ 45. Kh2 fxe6 46.
Qxe6+ Kh8 0-1

[Event "Ïåðâåíñòâî Ìîñêâû"]
[Site "ÐœÐ¾Ñ�ÐºÐ²Ð°, ÐœÐ“Ð˜ÐœÐž Ð¿Ñ€."]
[Date "2018.11.21"]
[Round "5.5"]
[White "Shirokikh, Ivan"]
[Black "Titov, Alexander"]
[Result "0-1"]
[WhiteElo "1473"]
[BlackElo "1922"]
[PlyCount "62"]
[EventDate "2018.11.18"]

1. e4 c5 2. Nc3 Nc6 3. g3 g6 4. Bg2 Bg7 5. d3 d6 6. Nge2 e6 7. O-O Nge7 8. Be3
Nd4 9. Qd2 O-O 10. Nd1 Rb8 11. c3 Nxe2+ 12. Qxe2 b5 13. d4 c4 14. f4 d5 15.
exd5 exd5 16. Nf2 Re8 17. Qf3 Be6 18. Bd2 b4 19. cxb4 Nc6 20. Bc3 Nxd4 21. Bxd4
Bxd4 22. g4 f5 23. gxf5 Bxf5 24. Qxd5+ Qxd5 25. Bxd5+ Kf8 26. Rad1 Bd3 27. Rfe1
Rxe1+ 28. Rxe1 Rxb4 29. b3 c3 30. Kg2 Bf5 31. Be4 Bxf2 0-1

[Event "Ïåðâåíñòâî Ìîñêâû"]
[Site "ÐœÐ¾Ñ�ÐºÐ²Ð°, ÐœÐ“Ð˜ÐœÐž Ð¿Ñ€."]
[Date "2018.11.21"]
[Round "5.6"]
[White "Boger, Juri"]
[Black "Soloviev, Vladislav"]
[Result "1-0"]
[WhiteElo "1672"]
[BlackElo "1919"]
[PlyCount "29"]
[EventDate "2018.11.18"]

1. e4 g6 2. d4 Bg7 3. Bc4 e6 4. Nc3 Ne7 5. Nge2 a6 6. a4 b6 7. Be3 d6 8. O-O
O-O 9. f4 d5 10. Ba2 dxe4 11. Nxe4 Bb7 12. Ng5 Nd5 13. Bxd5 exd5 14. f5 Qe7 15.
Bf4 {çàïèñü íå ÿñíà} 1-0

[Event "Ïåðâåíñòâî Ìîñêâû"]
[Site "ÐœÐ¾Ñ�ÐºÐ²Ð°, ÐœÐ“Ð˜ÐœÐž Ð¿Ñ€."]
[Date "2018.11.21"]
[Round "5.7"]
[White "Rostovtsev, Dmitry"]
[Black "Saikin, Ilia"]
[Result "1-0"]
[WhiteElo "1321"]
[BlackElo "1657"]
[PlyCount "57"]
[EventDate "2018.11.18"]

1. e4 e5 2. Nf3 Nf6 3. Nxe5 d6 4. Nf3 Nxe4 5. Nc3 Nf6 6. d4 Be7 7. Bd3 O-O 8.
h3 Re8 9. O-O Nbd7 10. Bg5 Nb6 11. Qd2 d5 12. Rfe1 Be6 13. Ne5 Nfd7 14. Bxe7
Rxe7 15. f4 f5 16. g4 g6 17. Qg2 Kh8 18. Qg3 Nxe5 19. Rxe5 Nd7 20. Re2 Nf6 21.
Rae1 Ne4 22. Bxe4 dxe4 23. d5 Bxd5 24. Rd1 c6 25. Qe3 Rd7 26. gxf5 gxf5 27.
Qd4+ Kg8 28. Rg2+ Kf8 29. Qh8+ 1-0

[Event "Ïåðâåíñòâî Ìîñêâû"]
[Site "ÐœÐ¾Ñ�ÐºÐ²Ð°, ÐœÐ“Ð˜ÐœÐž Ð¿Ñ€."]
[Date "2018.11.21"]
[Round "5.8"]
[White "Baituganov, Vyacheslav"]
[Black "Gubanov, Timofey"]
[Result "1-0"]
[WhiteElo "1677"]
[BlackElo "1666"]
[PlyCount "73"]
[EventDate "2018.11.18"]

1. d4 c5 2. c3 Nf6 3. Nf3 d5 4. a3 cxd4 5. cxd4 Bg4 6. Ne5 Nc6 7. Nxg4 Nxg4 8.
e4 Nf6 9. e5 Nd7 10. Be3 Qb6 11. Nc3 e6 12. Na4 Qa5+ 13. b4 Qd8 14. f4 a5 15.
b5 Ne7 16. Bd3 f5 17. Qb3 Nc8 18. O-O Ncb6 19. Nc5 a4 20. Qb2 Kf7 21. Rac1 Nc4
22. Rxc4 dxc4 23. Bxc4 Nxc5 24. dxc5 Qc8 25. Qf2 Be7 26. Rc1 Rd8 27. Kf1 Qd7
28. Qc2 Rac8 29. Qxf5+ Ke8 30. Bxe6 Qxb5+ 31. Bc4 Rd1+ 32. Ke2 Qb2+ 33. Kxd1
Rd8+ 34. Ke1 Qxg2 35. Bb5+ Rd7 36. Qxd7+ Kf8 37. Qe8# 1-0

[Event "Ïåðâåíñòâî Ìîñêâû"]
[Site "ÐœÐ¾Ñ�ÐºÐ²Ð°, ÐœÐ“Ð˜ÐœÐž Ð¿Ñ€."]
[Date "2018.11.21"]
[Round "5.9"]
[White "Vorontsov, Alexandr"]
[Black "Karlov, Egor"]
[Result "1/2-1/2"]
[WhiteElo "1643"]
[BlackElo "1685"]
[PlyCount "84"]
[EventDate "2018.11.18"]

1. e4 e6 2. d4 d5 3. Nd2 Nf6 4. e5 Nfd7 5. f4 c5 6. c3 Nc6 7. Ndf3 Qb6 8. g3
cxd4 9. cxd4 Bb4+ 10. Kf2 O-O 11. Bh3 Be7 12. Ne2 f5 13. Kg2 Qd8 14. b3 Nb6 15.
Rg1 Bd7 16. Kh1 a5 17. g4 fxg4 18. Rxg4 Nb4 19. Qg1 Rf7 20. Ba3 Rc8 21. Ng3 Rc2
22. Nh5 Qf8 23. Bf1 Kh8 24. Bxb4 axb4 25. Ng5 Bxg5 26. Rxg5 Nc8 27. Bd3 Rc3 28.
Qb1 h6 29. Rg4 Ne7 30. Bg6 Nxg6 31. Rxg6 Re7 32. f5 Be8 33. f6 Bxg6 34. Qxg6
gxf6 35. exf6 Rf7 36. Rg1 Rh3 37. Qg4 Rxh5 38. Qxh5 Rxf6 39. Qe5 Kh7 40. Qc7+
Rf7 41. Qc2+ Kh8 42. Qe2 Rf3 1/2-1/2

[Event "Ïåðâåíñòâî Ìîñêâû"]
[Site "ÐœÐ¾Ñ�ÐºÐ²Ð°, ÐœÐ“Ð˜ÐœÐž Ð¿Ñ€."]
[Date "2018.11.21"]
[Round "5.10"]
[White "Kushnarenko, Egor"]
[Black "Ochirov, Lidzhi"]
[Result "0-1"]
[WhiteElo "1722"]
[BlackElo "1661"]
[PlyCount "72"]
[EventDate "2018.11.18"]

1. d4 Nf6 2. Nf3 g6 3. g3 Bg7 4. Bg2 O-O 5. c4 d6 6. O-O Nc6 7. Nc3 e5 8. d5
Ne7 9. e4 Ne8 10. Nd2 f5 11. f3 f4 12. g4 h5 13. h3 hxg4 14. hxg4 Kf7 15. Kf2
Nf6 16. Rh1 Rh8 17. b4 g5 18. Bb2 Ng6 19. Nb3 Rxh1 20. Qxh1 Bxg4 21. fxg4 Nxg4+
22. Ke2 Ne3 23. Kd3 Qd7 24. Nd1 Rh8 25. Qg1 Nxg2 26. Qxg2 g4 27. Bc3 Rh3+ 28.
Kc2 g3 29. Nd2 Nh4 30. Qg1 Rh2 31. Kb3 b6 32. a4 Qh3 33. Nb2 g2 34. Qf2 Rh1 35.
c5 Rxa1 36. cxb6 axb6 0-1

[Event "Ïåðâåíñòâî Ìîñêâû"]
[Site "ÐœÐ¾Ñ�ÐºÐ²Ð°, ÐœÐ“Ð˜ÐœÐž Ð¿Ñ€."]
[Date "2018.11.21"]
[Round "5.11"]
[White "Kim, Andrey"]
[Black "Rustamov, Sezqin"]
[Result "1-0"]
[WhiteElo "1913"]
[BlackElo "1638"]
[PlyCount "123"]
[EventDate "2018.11.18"]

1. d4 d5 2. c4 e6 3. Nc3 Nf6 4. Bf4 c6 5. e3 Bd6 6. Bxd6 Qxd6 7. Nf3 Nbd7 8.
Bd3 O-O 9. O-O b6 10. cxd5 exd5 11. Rc1 a5 12. Qe2 Re8 13. Rfd1 Ne4 14. Qc2 f5
15. Qb3 Qb4 16. Bc2 Qd6 17. Bxe4 fxe4 18. Ne5 Nxe5 19. dxe5 Rxe5 20. Qxb6 Rh5
21. g3 Bg4 22. Nxe4 Qg6 23. Rd4 dxe4 24. Rxc6 Qe8 25. Rcd6 Rb5 26. Rxe4 Rxb6
27. Rxe8+ Rxe8 28. Rxb6 Rc8 29. Kg2 Kf7 30. h3 Be6 31. Rb5 a4 32. b3 Ra8 33. e4
Bd7 34. Rb7 Ke6 35. a3 axb3 36. Rxb3 Bc6 37. f3 Rd8 38. g4 Rd2+ 39. Kg3 g5 40.
Rc3 Bd7 41. h4 gxh4+ 42. Kxh4 Rh2+ 43. Kg3 Rd2 44. f4 Rd1 45. g5 Rg1+ 46. Kf3
Rh1 47. Ke3 Re1+ 48. Kd4 Rd1+ 49. Rd3 Rg1 50. Rh3 Rd1+ 51. Ke3 Ra1 52. Rh6+ Ke7
53. Rxh7+ Ke8 54. f5 Rxa3+ 55. Kf4 Bc6 56. Rh6 Ba8 57. Re6+ Kf8 58. f6 Ra1 59.
g6 Rf1+ 60. Ke5 Bxe4 61. g7+ Kg8 62. Re8+ 1-0

[Event "Ïåðâåíñòâî Ìîñêâû"]
[Site "ÐœÐ¾Ñ�ÐºÐ²Ð°, ÐœÐ“Ð˜ÐœÐž Ð¿Ñ€."]
[Date "2018.11.21"]
[Round "5.12"]
[White "Larichev, Prokhor"]
[Black "Ratataev, Ilya"]
[Result "1-0"]
[WhiteElo "1848"]
[BlackElo "1425"]
[PlyCount "40"]
[EventDate "2018.11.18"]

1. e4 c5 2. Nf3 e6 3. d4 cxd4 4. Nxd4 Nc6 5. Be3 a6 6. Be2 Qc7 7. O-O Nf6 8.
Nc3 d6 9. f4 Be7 10. Bf3 Nxd4 11. Bxd4 O-O 12. Kh1 Rd8 13. Qe2 Bd7 14. Qf2 Rdc8
15. e5 Ne8 16. Qe3 dxe5 17. fxe5 Bc6 18. Ne4 Bf8 19. Ng5 b5 20. Be4 f5 {
çàïèñü íå ÿñíà} 1-0